Avec Jean ROCHEFORT ... ou pas - Statistiques

Statistiques générales
  • Ce quiz a été pris 16 fois
  • Le résultat moyen est 13 sur 39
Answers on the Grid
Answers color-coded by a green-red scale on the quiz's grid according to % correct below.
Cartouche (1961)
Le masque de fer (1962)
Du grabuge chez les veuves (1963)
Angélique, marquise des anges (1964)
Les tribulations d'un chinois en Chine (1965)
Le dimanche de la vie (1967)
Le diable par la queue (1968)
Le temps de mourir (1969)
Les malheurs d'Alfred (1971)
Le grand blond avec une chaussure noire (1972)
Les feux de la chandeleur (1972)
L'héritier (1972)
Salut l'artiste (1973)
Comment réussir quand on est con et pleurnichard (1973)
L'horloger de Saint-Paul (1974)
Le fantôme de la liberté (1974)
Un divorce heureux (1975)
Que la fête commence... (1975)
Les vécés étaient fermés de l'intérieur (1975)
Calmos (1976)
Un éléphant ça trompe énormément (1976)
Le crabe-tambour (1977)
Le cavaleur (1978)
L'ami de Vincent (1983)
Courage fuyons (1979)
Réveillon chez Bob (1984)
La galette du roi (1985)
Le moustachu (1987)
Tandem (1987)
Le mari de la coiffeuse (1990)
Le bal des casse-pieds (1992)
Les grands ducs (1996)
Ridicule (1996)
L'homme du train (2002)
RRRrrrr!!! (2004)
Ne le dis à personne (2006)
Astérix et Obélix : au service de Sa Majesté (2012)
L'artiste et son modèle (2012)
Un papillon sur l'épaule (1978)
Par un beau matin d'été (1965)
L'aîné des Ferchaux (1963)
La sirène du Mississipi (1969)
L'incorrigible (1975)
Une chance sur deux (1998)
Les acteurs (2000)
On aura tout vu (1976)
Plus ça va, moins ça va (1977)
Pétrole ! Pétrole ! (1981)
L'amour en douce (1985)
Les deux crocodiles (1987)
Uranus (1990)
Le parfum d'Yvonne (1994)
Les âmes grises (2005)
Micmacs à tire-larigot (2009)
Sex-shop (1972)
Les fantômes du chapelier (1982)
La cérémonie (1995)
L'inconnu dans la maison (1992)
Le placard (2001)
Cadavres exquis (1976)
 
Statistiques - réponses
Réponse % Correct
Un éléphant ça trompe énormément (1976)
73%
Ridicule (1996)
64%
Le grand blond avec une chaussure noire (1972)
55%
Le mari de la coiffeuse (1990)
55%
Les grands ducs (1996)
55%
Astérix et Obélix : au service de Sa Majesté (2012)
45%
Cartouche (1961)
45%
Le bal des casse-pieds (1992)
45%
Le cavaleur (1978)
45%
Le placard (2001)
45%
L'héritier (1972)
45%
Angélique, marquise des anges (1964)
36%
Calmos (1976)
36%
Le crabe-tambour (1977)
36%
Les vécés étaient fermés de l'intérieur (1975)
36%
Ne le dis à personne (2006)
36%
Que la fête commence... (1975)
36%
RRRrrrr!!! (2004)
36%
Comment réussir quand on est con et pleurnichard (1973)
27%
Courage fuyons (1979)
27%
La galette du roi (1985)
27%
L'ami de Vincent (1983)
27%
L'artiste et son modèle (2012)
27%
Le diable par la queue (1968)
27%
Le masque de fer (1962)
27%
Le moustachu (1987)
27%
Les tribulations d'un chinois en Chine (1965)
27%
L'horloger de Saint-Paul (1974)
27%
Réveillon chez Bob (1984)
27%
Salut l'artiste (1973)
27%
Tandem (1987)
27%
Du grabuge chez les veuves (1963)
18%
Le fantôme de la liberté (1974)
18%
Les feux de la chandeleur (1972)
18%
L'homme du train (2002)
18%
Un divorce heureux (1975)
18%
Le dimanche de la vie (1967)
9%
Les malheurs d'Alfred (1971)
9%
Le temps de mourir (1969)
9%
Aucun quiz correspondant
Distribution des résultats
% des personnes avec chaque résultat
Percentile par nombre de réponses
Votre historique - résultats
Vous n’avez pas pris ce quiz